000
00334nam a22001457a 4500
008
210528b ||||| |||| 00| 0 eng d
020
_a
0500233330
041
_a
eng
080
_a
32
082
_a
32
100
_a
20
101
_a
POL
245
_a
A Concise Encyclopaedia of the Italian Renaissance
_c
Hale,J.R
942
_2
udc
_c
BK
999
_c
57765
_d
57765